Quelle est l'extension liée à cette ETB Pokémon ? - Statistiques

Statistiques générales
  • Ce quiz a été pris 10 fois
  • Le résultat moyen est 15 sur 20
Statistiques - réponses
Par images Réponse % Correct
Ecarlate et Violet Aventures Ensemble
100%
Ecarlate et Violet Evolutions Prismatiques
100%
Ecarlate et Violet Flamme Blanche
100%
Méga-Evolutions: Flammes Fantasmagoriques
100%
Zénith Suprême
100%
Ecarlate et Violet Destinées de Paldea
86%
Ecarlate et Violet Evolutions à Paldea
86%
Epee et Bouclier Evolution Céleste
86%
Epee et Bouclier Origine Perdue
86%
Epee et Bouclier Règne de Glace Cavalier du Froid
86%
Epee et Bouclier Tempête Argentée
86%
Soleil et Lune Duo de Choc
86%
Epee et Bouclier Astres Radieux
57%
Pokémon Go
57%
Soleil et Lune Lumière Interdite
57%
Epee et Bouclier Stars Etincelantes
43%
Epee et Bouclier Ténèbres Embrasées
43%
Légendes Brillantes
43%
Soleil et Lune Harmonie des Esprits
43%
Soleil et Lune Tempête Céleste
29%
Aucun quiz correspondant
Distribution des résultats
% des personnes avec chaque résultat
Percentile par nombre de réponses
Votre historique - résultats
Vous n’avez pas pris ce quiz